Dictionnaire juridique (Record no. 45201)

MARC details
000 -LEADER
fixed length control field 00754cam a22002411 4500
001 - CONTROL NUMBER
control field ne 62001135
003 - CONTROL NUMBER IDENTIFIER
control field DLC
005 - DATE AND TIME OF LATEST TRANSACTION
control field 20260227111736.0
008 - FIXED-LENGTH DATA ELEMENTS--GENERAL INFORMATION
fixed length control field 900709s1949 ua d 000 0 fre
010 ## - LIBRARY OF CONGRESS CONTROL NUMBER
LC control number ne 62001135
035 ## - SYSTEM CONTROL NUMBER
System control number (OCoLC)21982405
040 ## - CATALOGING SOURCE
Original cataloging agency DLC
Transcribing agency WaU
Modifying agency WaU
-- DLC
041 0# - LANGUAGE CODE
Language code of text/sound track or separate title freara
042 ## - AUTHENTICATION CODE
Authentication code premarc
050 00 - LIBRARY OF CONGRESS CALL NUMBER
Classification number K52.F7
Item number S562 1949
100 1# - MAIN ENTRY--PERSONAL NAME
Personal name Shaybūb, Khalīl.
245 00 - TITLE STATEMENT
Title Dictionnaire juridique
Statement of responsibility, etc. [par] Khalil Chéboub. Préf. par Abdel Razzak el Sanhouri.
260 ## - PUBLICATION, DISTRIBUTION, ETC.
Place of publication, distribution, etc. al-Iskandarīyah,
Name of publisher, distributor, etc. Maṭbaʻat Dār Nashr al-Thaqāfah,
Date of publication, distribution, etc. 1949.
300 ## - PHYSICAL DESCRIPTION
Extent ixx, (i. e. xix), 728 p.
Dimensions 24 cm.
650 #0 - SUBJECT ADDED ENTRY--TOPICAL TERM
Topical term or geographic name entry element Law
General subdivision Dictionaries
-- French.
650 #0 - SUBJECT ADDED ENTRY--TOPICAL TERM
Topical term or geographic name entry element French language
General subdivision Dictionaries
-- Arabic.
740 0# - ADDED ENTRY--UNCONTROLLED RELATED/ANALYTICAL TITLE
Uncontrolled related/analytical title Muʻjam al-qānūnī.

No items available.

Powered by Koha